<?xml version="1.0" encoding="UTF-8"?>
<record
    xmlns:xsi="http://www.w3.org/2001/XMLSchema-instance"
    xsi:schemaLocation="http://www.loc.gov/MARC21/slim http://www.loc.gov/standards/marcxml/schema/MARC21slim.xsd"
    xmlns="http://www.loc.gov/MARC21/slim">

  <leader>03885nam a2200433 a 4500</leader>
  <controlfield tag="001">dia_387</controlfield>
  <controlfield tag="003">CHAP</controlfield>
  <controlfield tag="005">20251114181216.0</controlfield>
  <controlfield tag="008">220117s1987    mx abd frm    001 0 spa d</controlfield>
  <datafield tag="010" ind1=" " ind2=" ">
    <subfield code="a">170939</subfield>
  </datafield>
  <datafield tag="040" ind1=" " ind2=" ">
    <subfield code="c">CHAP</subfield>
    <subfield code="a">mxchpua</subfield>
    <subfield code="e">rda</subfield>
  </datafield>
  <datafield tag="041" ind1="0" ind2=" ">
    <subfield code="a">spa</subfield>
    <subfield code="b">spa</subfield>
  </datafield>
  <datafield tag="090" ind1=" " ind2=" ">
    <subfield code="a">Tesis</subfield>
    <subfield code="b">C33</subfield>
    <subfield code="c">1987</subfield>
  </datafield>
  <datafield tag="100" ind1="1" ind2=" ">
    <subfield code="a">Cadena Morales, Miguel</subfield>
  </datafield>
  <datafield tag="245" ind1="1" ind2="0">
    <subfield code="a">Determinaci&#xF3;n de alternativas para optimizar las zafras del Ingenio Azucarero Emiliano Zapata /</subfield>
    <subfield code="c">Miguel Cadena Morales, Oscar Ciro S&#xE1;nchez Quintero, Margarito Urz&#xFA;a Ben&#xED;tez y Francisco Javier Vega Mart&#xED;nez</subfield>
  </datafield>
  <datafield tag="264" ind1=" " ind2=" ">
    <subfield code="a">Chapingo, M&#xE9;xico :</subfield>
    <subfield code="b">El autor,</subfield>
    <subfield code="c">1987</subfield>
  </datafield>
  <datafield tag="300" ind1=" " ind2=" ">
    <subfield code="a">vii, 357 hojas :</subfield>
    <subfield code="b">ilustraciones, mapas, gr&#xE1;ficas, diagramas, tablas</subfield>
  </datafield>
  <datafield tag="336" ind1=" " ind2=" ">
    <subfield code="2">rdacontent</subfield>
    <subfield code="a">texto</subfield>
    <subfield code="b">txt</subfield>
  </datafield>
  <datafield tag="337" ind1=" " ind2=" ">
    <subfield code="2">rdamedia</subfield>
    <subfield code="a">no mediado</subfield>
    <subfield code="b">n</subfield>
  </datafield>
  <datafield tag="338" ind1=" " ind2=" ">
    <subfield code="2">rdacontent</subfield>
    <subfield code="a">volumen</subfield>
    <subfield code="b">n</subfield>
  </datafield>
  <datafield tag="502" ind1=" " ind2=" ">
    <subfield code="a">Tesis </subfield>
    <subfield code="b">(Ingeniero Agr&#xF3;nomo Especialista en Industrias Agr&#xED;colas) :</subfield>
    <subfield code="b">(Ingeniero Agroindustrial) --</subfield>
    <subfield code="c">UACh. Departamento de Industrias Agr&#xED;colas :</subfield>
    <subfield code="c">UACh. Departamento de Ingenier&#xED;a Agroindustrial,</subfield>
    <subfield code="d">1987</subfield>
  </datafield>
  <datafield tag="504" ind1=" " ind2=" ">
    <subfield code="a">Bibliograf&#xED;a: hojas 283-284</subfield>
  </datafield>
  <datafield tag="520" ind1="3" ind2=" ">
    <subfield code="a">El presente trabajo, consiste en determinar alternativas que permitan optimizar las zafras de la zona de abastecimiento del Ingenio "Emiliano Zapata" en Zacatepec, Morelos. El procedimiento seguido implica un an&#xE1;lisis de cadauna de las etapas que forman parte del sistema agroindustrial azucarero, es decir, la producci&#xF3;n agr&#xED;cola, la transportaci&#xF3;n y la industrializaci&#xF3;n. Cada etapa tiene su influencia y significado en la obtenci&#xF3;n de mayores rendimientos azucareros, por esto pueden y deben analizarse separadamente; sin embargo, es necesario tener presente la interdependencia entre las mismas y los objetivos y finalidad de cada una de ellas En consecuencia con lo anterior, el trabajo inicia con un estudio del medio geogr&#xE1;fico de la zona de abastecimiento del ingenio, con el objeto de conocer las condiciones ambientales y la infraestructura bajo las que se desarrolla el cultivo de la ca&#xF1;a de az&#xFA;car en dicha &#xE1;rea. Se describe la marcha t&#xE9;cnica del cultivo en base a las recomendaciones de las instituciones encargadas de la investigaci&#xF3;n en ca&#xF1;a de az&#xFA;car y las experiencias de la superintendencia de campo del ingenio "Emiliano Zapata". En cuanto a la etapa agroindustrial de la transportaci&#xF3;n de la ca&#xF1;a se esbozan las caracter&#xED;sticas generales del proceso de transporte y se realiza una estimaci&#xF3;n de la distancia m&#xE1;xima econ&#xF3;mica para transportar la ca&#xF1;a de az&#xFA;car, bajo las condiciones espec&#xED;ficas del Ingenio "Emiliano Zapata". En lo referente a la etapa de industrializaci&#xF3;n se detectaron las fases en las que se localizan mayores p&#xE9;rdidas en tiempo y bajas en rendimiento azucarero. Adem&#xE1;s se realiza un an&#xE1;lisis del comportamiento hist&#xF3;rico de algunos par&#xE1;metros de los informes oficiales de corrida que reflejan la eficiencia del proceso de obtenci&#xF3;n de az&#xFA;car, con la finalidad de orientar la programaci&#xF3;n del abastecimiento de materia prima. En funci&#xF3;n de todo lo anterior se elaboraron las Conclusiones y Recomendaciones que se presentan en la parte final de &#xE9;ste trabajo.</subfield>
  </datafield>
  <datafield tag="650" ind1="1" ind2="3">
    <subfield code="a">Az&#xFA;car de ca&#xF1;a  </subfield>
    <subfield code="2">atg</subfield>
  </datafield>
  <datafield tag="650" ind1="1" ind2="3">
    <subfield code="a">Industria azucarera</subfield>
    <subfield code="z">M&#xE9;xico</subfield>
    <subfield code="2">atg</subfield>
  </datafield>
  <datafield tag="650" ind1="1" ind2="3">
    <subfield code="a">Optimizaci&#xF3;n de sistemas  </subfield>
    <subfield code="2">atg</subfield>
  </datafield>
  <datafield tag="650" ind1="1" ind2="3">
    <subfield code="a">Cane sugar  </subfield>
    <subfield code="2">atg</subfield>
  </datafield>
  <datafield tag="650" ind1="1" ind2="3">
    <subfield code="a">Sugar industry</subfield>
    <subfield code="z">Mexico  </subfield>
    <subfield code="2">atg</subfield>
  </datafield>
  <datafield tag="650" ind1="1" ind2="3">
    <subfield code="a">System optimization</subfield>
    <subfield code="2">atg</subfield>
  </datafield>
  <datafield tag="700" ind1="1" ind2=" ">
    <subfield code="a">S&#xE1;nchez Quintero, Oscar Ciro</subfield>
    <subfield code="e">autor</subfield>
  </datafield>
  <datafield tag="700" ind1="1" ind2=" ">
    <subfield code="a">Urz&#xFA;a Ben&#xED;tez, Margarito</subfield>
    <subfield code="e">autor</subfield>
  </datafield>
  <datafield tag="700" ind1="1" ind2=" ">
    <subfield code="a">Vega Mart&#xED;nez, Francisco Javier</subfield>
    <subfield code="e">autor</subfield>
  </datafield>
  <datafield tag="700" ind1="1" ind2=" ">
    <subfield code="a">Garc&#xED;a Ch&#xE1;vez, Luis Ramiro</subfield>
    <subfield code="e">director</subfield>
  </datafield>
  <datafield tag="856" ind1="4" ind2="1">
    <subfield code="u">http://10.13.5.2/tesis/1987-Cadena_Morales_Miguel_Tesis.pdf</subfield>
    <subfield code="y">DESCARGAR PDF</subfield>
  </datafield>
  <datafield tag="901" ind1=" " ind2=" ">
    <subfield code="a">TESIS C33 1987</subfield>
  </datafield>
  <datafield tag="902" ind1=" " ind2=" ">
    <subfield code="a">M</subfield>
  </datafield>
  <datafield tag="905" ind1=" " ind2=" ">
    <subfield code="a">5232271987                          mx nm  8223123322spa16</subfield>
  </datafield>
  <datafield tag="942" ind1=" " ind2=" ">
    <subfield code="c">TESIS</subfield>
    <subfield code="2">Clasificaci&#xF3;n Universidad Aut&#xF3;noma Chapingo</subfield>
  </datafield>
  <datafield tag="999" ind1=" " ind2=" ">
    <subfield code="c">170939</subfield>
    <subfield code="d">170939</subfield>
  </datafield>
  <datafield tag="952" ind1=" " ind2=" ">
    <subfield code="0">0</subfield>
    <subfield code="1">0</subfield>
    <subfield code="2">local</subfield>
    <subfield code="4">0</subfield>
    <subfield code="5">5</subfield>
    <subfield code="7">0</subfield>
    <subfield code="8">TESIS</subfield>
    <subfield code="a">IA_</subfield>
    <subfield code="b">IA_</subfield>
    <subfield code="e">El autor</subfield>
    <subfield code="l">0</subfield>
    <subfield code="o">Tesis C33 1987</subfield>
    <subfield code="p">1101010353</subfield>
    <subfield code="r">2026-02-02 00:00:00</subfield>
    <subfield code="t">Ej. 2</subfield>
    <subfield code="y">TESIS</subfield>
  </datafield>
  <datafield tag="952" ind1=" " ind2=" ">
    <subfield code="0">0</subfield>
    <subfield code="1">0</subfield>
    <subfield code="2">local</subfield>
    <subfield code="4">0</subfield>
    <subfield code="5">1</subfield>
    <subfield code="7">0</subfield>
    <subfield code="8">TESIS</subfield>
    <subfield code="a">IA_</subfield>
    <subfield code="b">IA_</subfield>
    <subfield code="e">El autor</subfield>
    <subfield code="l">0</subfield>
    <subfield code="o">Tesis C33 1987</subfield>
    <subfield code="p">1101000066</subfield>
    <subfield code="r">2026-02-02 00:00:00</subfield>
    <subfield code="t">Ej. 1</subfield>
    <subfield code="y">TESIS</subfield>
  </datafield>
  <datafield tag="952" ind1=" " ind2=" ">
    <subfield code="0">0</subfield>
    <subfield code="1">0</subfield>
    <subfield code="2">local</subfield>
    <subfield code="4">0</subfield>
    <subfield code="7">0</subfield>
    <subfield code="8">TesDigL</subfield>
    <subfield code="a">IA_</subfield>
    <subfield code="b">IA_</subfield>
    <subfield code="c">E_L</subfield>
    <subfield code="d">2025-11-14</subfield>
    <subfield code="e">El autor</subfield>
    <subfield code="l">0</subfield>
    <subfield code="p">1201000066</subfield>
    <subfield code="r">2025-11-14 18:16:44</subfield>
    <subfield code="w">2025-11-14</subfield>
    <subfield code="y">TD</subfield>
  </datafield>
</record>
